[Event "World-ch (Women)"]
[Site "Shanghai/Chongqing"]
[Date "2025.04.16"]
[Round "9"]
[White "Ju, Wenjun"]
[Black "Tan, Zhongyi"]
[Result "1/2-1/2"]
[WhiteElo "2561"]
[BlackElo "2555"]
[PlyCount "76"]
[EventDate "2025.04.03"]
[EventType "match"]
[EventRounds "12"]
[EventCountry "CHN"]
[SourceTitle "CB16_2025"]
[SourceDate "2025.04.16"]
[SourceVersion "1"]
[SourceVersionDate "2025.04.16"]
[SourceQuality "1"]

1. e4 c5 2. Nf3 Nc6 3. Bb5 e6 4. 0-0 Nge7 5. Re1 Nd4 6. Nxd4 cxd4 7. c3 a6 8. Bf1 Nc6 9. Na3 Be7 10. Nc2 d5 11. Nxd4 Nxd4 12. cxd4 dxe4 13. d3 exd3 14. Bxd3 0-0 15. Be4 Bf6 16. Be3 g6 17. Qb3 Bxd4 18. Rad1 e5 19. Bxd4 exd4 20. Qb4 a5 21. Qxd4 Qxd4 22. Rxd4 Be6 23. Bd5 Rfd8 24. Red1 Rac8 25. Kf1 Rd6 26. Bxe6 Rxe6 27. Rd8+ Rxd8 28. Rxd8+ Kg7 29. Rd7 b6 30. g4 Kf6 31. Rb7 h5 32. gxh5 gxh5 33. Kg2 Kg6 34. Kg3 f6 35. h4 Kf5 36. Rh7 Kg6 37. Rb7 Kf5 38. Rh7 Kg6 1/2-1/2

[Event "World-ch (Women)"]
[Site "Shanghai/Chongqing"]
[Date "2025.04.14"]
[Round "8"]
[White "Tan, Zhongyi"]
[Black "Ju, Wenjun"]
[Result "0-1"]
[WhiteElo "2555"]
[BlackElo "2561"]
[PlyCount "106"]
[EventDate "2025.04.03"]
[EventType "match"]
[EventRounds "12"]
[EventCountry "CHN"]
[SourceTitle "CB16_2025"]
[SourceDate "2025.04.16"]
[SourceVersion "1"]
[SourceVersionDate "2025.04.16"]
[SourceQuality "1"]

1. e4 e5 2. Nc3 Nf6 3. Bc4 Nc6 4. d3 Bb4 5. Nf3 d6 6. 0-0 Bxc3 7. bxc3 0-0 8. Bg5 h6 9. Bh4 Na5 10. Bb3 Nxb3 11. axb3 Qe7 12. Re1 Qe6 13. d4 Nd7 14. Qd3 a6 15. Rad1 Re8 16. Bg3 b5 17. Nd2 Nf6 18. b4 Nh5 19. Nb3 Qg6 20. dxe5 Nxg3 21. hxg3 Rxe5 22. Na5 Bd7 23. Re3 Rae8 24. Rde1 f5 25. Qd4 Rxe4 26. Rxe4 Rxe4 27. Rxe4 fxe4 28. c4 e3 29. Qxe3 Qxc2 30. Qa7 bxc4 31. Qxc7 Bb5 32. Nb7 c3 33. Nxd6 Qd3 34. Qf7+ Kh7 35. Nf5 Qd7 36. Qxd7 Bxd7 37. Nd4 Ba4 38. Ne2 c2 39. f3 Kg6 40. Kf2 Bb5 41. Nc1 h5 42. Ke3 Kg5 43. Kd2 Bf1 44. Nb3 Bxg2 45. Nd4 Bxf3 46. Nxf3+ Kg4 47. Nd4 Kxg3 48. Nf5+ Kg4 49. Ne3+ Kf3 50. Nxc2 h4 51. Ne1+ Kg3 52. Ke3 h3 53. Nf3 h2 0-1

[Event "World-ch (Women)"]
[Site "Shanghai/Chongqing"]
[Date "2025.04.13"]
[Round "7"]
[White "Ju, Wenjun"]
[Black "Tan, Zhongyi"]
[Result "1-0"]
[WhiteElo "2561"]
[BlackElo "2555"]
[PlyCount "93"]
[EventDate "2025.04.03"]
[EventType "match"]
[EventRounds "12"]
[EventCountry "CHN"]
[SourceTitle "CB16_2025"]
[SourceDate "2025.04.16"]
[SourceVersion "1"]
[SourceVersionDate "2025.04.16"]
[SourceQuality "1"]

1. e4 c5 2. Nf3 Nc6 3. Bb5 e6 4. 0-0 Nge7 5. d4 cxd4 6. Nxd4 Qb6 7. Nxc6 bxc6 8. Bd3 Ng6 9. c4 Be7 10. Nc3 0-0 11. Na4 Qc7 12. c5 d5 13. cxd6 Bxd6 14. Qh5 Rb8 15. b3 Rd8 16. Rd1 Rb4 17. Bb2 Nf4 18. Qf3 Nxd3 19. Rxd3 Ba6 20. Rdd1 Bxh2+ 21. Kh1 Bd6 22. Qc3 Bf8 23. Nc5 Rb6 24. Qe5 Qe7 25. Rac1 Rb5 26. Rxd8 Qxd8 27. Qd4 Qh4+ 28. Kg1 Bc8 29. e5 Qxd4 30. Bxd4 a5 31. f4 h5 32. Kf2 Be7 33. Ke3 g5 34. Ne4 gxf4+ 35. Kxf4 Bb7 36. Bc5 Bxc5 37. Nxc5 Kg7 38. Kg5 Ba8 39. Kxh5 Rb8 40. Rc4 Rh8+ 41. Kg4 Rh2 42. Kg3 Rh5 43. Rg4+ Kf8 44. Ra4 Ke7 45. Rxa5 Rxe5 46. Ra7+ Kd6 47. b4 1-0

[Event "World-ch (Women)"]
[Site "Shanghai/Chongqing"]
[Date "2025.04.10"]
[Round "6"]
[White "Tan, Zhongyi"]
[Black "Ju, Wenjun"]
[Result "0-1"]
[WhiteElo "2555"]
[BlackElo "2561"]
[PlyCount "104"]
[EventDate "2025.04.03"]
[EventType "match"]
[EventRounds "12"]
[EventCountry "CHN"]
[SourceTitle "CB16_2025"]
[SourceDate "2025.04.16"]
[SourceVersion "1"]
[SourceVersionDate "2025.04.16"]
[SourceQuality "1"]

1. c4 Nf6 2. Nf3 e6 3. b3 d5 4. Bb2 c5 5. cxd5 exd5 6. g3 Nc6 7. Bg2 d4 8. 0-0 Be7 9. Na3 0-0 10. e3 dxe3 11. dxe3 Bf5 12. Ne5 Nxe5 13. Bxe5 Qc8 14. Qe2 Bh3 15. Qf3 Bxg2 16. Kxg2 Qe6 17. Bb2 Ne4 18. Rfd1 Rad8 19. Nc4 b5 20. Ne5 f5 21. Nd3 g5 22. Ne1 Bf6 23. Bxf6 Qxf6 24. Rxd8 Rxd8 25. Rd1 Rxd1 26. Qxd1 Qd6 27. Qh5 Kg7 28. Qe8 a6 29. Nf3 Nf6 30. Qa8 h6 31. h4 g4 32. Qb7+ Qd7 33. Qxd7+ Nxd7 34. Nd2 Kf6 35. f4 Ke6 36. e4 fxe4 37. Nxe4 Kd5 38. Nf2 Nf6 39. Kf1 Kd4 40. Ke2 h5 41. a4 Kc3 42. axb5 axb5 43. Nd3 Ne4 44. Ke3 Nxg3 45. Nxc5 Nf5+ 46. Ke4 Nxh4 47. Ke5 Kb4 48. Ne4 Kxb3 49. Kf6 Nf3 50. f5 h4 51. Ke7 g3 52. f6 g2 0-1

[Event "World-ch (Women)"]
[Site "Shanghai/Chongqing"]
[Date "2025.04.09"]
[Round "5"]
[White "Ju, Wenjun"]
[Black "Tan, Zhongyi"]
[Result "1-0"]
[WhiteElo "2561"]
[BlackElo "2555"]
[PlyCount "117"]
[EventDate "2025.04.03"]
[EventType "match"]
[EventRounds "12"]
[EventCountry "CHN"]
[SourceTitle "CB16_2025"]
[SourceDate "2025.04.16"]
[SourceVersion "1"]
[SourceVersionDate "2025.04.16"]
[SourceQuality "1"]

1. e4 c5 2. Nf3 e6 3. d4 cxd4 4. Nxd4 a6 5. Bd3 Bc5 6. Nb3 Ba7 7. 0-0 Ne7 8. c4 Nbc6 9. Nc3 Ne5 10. c5 N7g6 11. Be2 b5 12. f4 Nc4 13. a4 b4 14. Bxc4 bxc3 15. bxc3 Bb7 16. Qe2 0-0 17. Bd3 f5 18. exf5 exf5 19. Be3 Qc7 20. Bxa6 Rfe8 21. Bxb7 Qxb7 22. Qc4+ Kh8 23. Bd4 Re6 24. h3 Rae8 25. Rf2 Bb8 26. Raf1 Nxf4 27. Rxf4 Bxf4 28. Rxf4 Re1+ 29. Rf1 Rxf1+ 30. Kxf1 Qe4 31. Kg1 Qb1+ 32. Kh2 Re1 33. Qd5 h6 34. Nd2 Rh1+ 35. Kg3 Qe1+ 36. Bf2 Qe2 37. Qd4 Rd1 38. Be3 Kh7 39. a5 Re1 40. Bf2 Rd1 41. Be3 Re1 42. Nc4 Ra1 43. Nd6 Ra2 44. Bf2 Qe6 45. Qf4 Kg6 46. Kh2 Qf6 47. Nc4 Kh7 48. Bd4 Qe6 49. Nd6 Qg6 50. Qf3 f4 51. a6 Rxa6 52. Qxf4 Ra2 53. Qf3 Qe6 54. Nf5 g5 55. Ne3 d6 56. c6 Ra8 57. Nd5 Rc8 58. Qd3+ Kg8 59. Ne7+ 1-0

[Event "World-ch (Women)"]
[Site "Shanghai/Chongqing"]
[Date "2025.04.07"]
[Round "4"]
[White "Tan, Zhongyi"]
[Black "Ju, Wenjun"]
[Result "1/2-1/2"]
[WhiteElo "2555"]
[BlackElo "2561"]
[PlyCount "160"]
[EventDate "2025.04.03"]
[EventType "match"]
[EventRounds "12"]
[EventCountry "CHN"]
[SourceTitle "CB16_2025"]
[SourceDate "2025.04.16"]
[SourceVersion "1"]
[SourceVersionDate "2025.04.16"]
[SourceQuality "1"]

1. c4 e6 2. Nc3 Bb4 3. Qb3 Ba5 4. g3 c5 5. Bg2 Nc6 6. e3 Nge7 7. Nge2 0-0 8. 0-0 a6 9. d4 cxd4 10. exd4 d5 11. cxd5 exd5 12. Be3 Bxc3 13. Nxc3 Na5 14. Qb4 Nac6 15. Qc5 b6 16. Qa3 Be6 17. Rac1 Nf5 18. Bf4 Nfxd4 19. Rfd1 Nb5 20. Nxb5 axb5 21. Qb3 Ne7 22. Qxb5 Rxa2 23. Bc7 Qa8 24. Bd6 Ra5 25. Qb4 Ra4 26. Qb3 Ra7 27. Rc7 Rxc7 28. Bxc7 Qc6 29. Qxb6 Qc2 30. Bf3 Bf5 31. Bf4 Be4 32. Rc1 Qd3 33. Bxe4 Qxe4 34. Qe3 Qxe3 35. Bxe3 f6 36. Rc7 Nf5 37. Bc5 Rd8 38. Kf1 Nd6 39. b4 Ne4 40. Bb6 Rb8 41. Ba5 Rb5 42. Ke2 Nd6 43. Ra7 Nc4 44. Kd3 Ne5+ 45. Kc2 d4 46. Kb3 Rd5 47. Bb6 d3 48. Ra1 Nf3 49. Rd1 Kf7 50. Kc3 d2 51. Be3 Ke6 52. Bxd2 Nxh2 53. Re1+ Kd7 54. Be3 Ng4 55. Bc5 Ne5 56. Ra1 Ke6 57. f4 Nd7 58. Re1+ Kf5 59. Kc4 Rd2 60. Re7 Nxc5 61. bxc5 g5 62. fxg5 fxg5 63. Rxh7 Rc2+ 64. Kd4 Rd2+ 65. Kc4 Rc2+ 66. Kb5 Rc3 67. c6 Rxg3 68. c7 Rc3 69. Kb6 Kf4 70. Rf7+ Ke4 71. Rg7 Kf4 72. Rg6 Rxc7 73. Kxc7 g4 74. Kd6 g3 75. Kd5 Kf3 76. Kd4 g2 77. Kd3 Kf2 78. Rf6+ Ke1 79. Rg6 Kf2 80. Rxg2+ Kxg2 1/2-1/2

[Event "World-ch (Women)"]
[Site "Shanghai/Chongqing"]
[Date "2025.04.06"]
[Round "3"]
[White "Ju, Wenjun"]
[Black "Tan, Zhongyi"]
[Result "1-0"]
[WhiteElo "2561"]
[BlackElo "2555"]
[PlyCount "173"]
[EventDate "2025.04.03"]
[EventType "match"]
[EventRounds "12"]
[EventCountry "CHN"]
[SourceTitle "CB16_2025"]
[SourceDate "2025.04.16"]
[SourceVersion "1"]
[SourceVersionDate "2025.04.16"]
[SourceQuality "1"]

1. e4 c5 2. Nf3 e6 3. c4 Nc6 4. d4 cxd4 5. Nxd4 Bb4+ 6. Nc3 Nge7 7. Be2 d5 8. exd5 exd5 9. Nxc6 bxc6 10. 0-0 0-0 11. cxd5 cxd5 12. Bf3 Be6 13. Bg5 Bxc3 14. bxc3 Rc8 15. Qa4 h6 16. Bd2 a5 17. Rfe1 Rc4 18. Qa3 Nf5 19. Be2 Rc8 20. Rad1 Qd6 21. Qxa5 Ra8 22. Qb4 Rxa2 23. Bf4 Qc6 24. Bb5 Qb6 25. Re2 Rfa8 26. Bd3 Ra1 27. Ree1 Rxd1 28. Rxd1 Qd8 29. h3 Qf6 30. Re1 Rc8 31. Be5 Qg5 32. Ba6 Ra8 33. Bf4 Qf6 34. Bb7 Rd8 35. Bc7 Rf8 36. Rd1 Qg5 37. Bxd5 Ne3 38. h4 Qg4 39. Qxg4 Bxg4 40. Rd3 Nxd5 41. Rxd5 Ra8 42. Bb6 Be6 43. Rd6 Kf8 44. Bd4 Ke7 45. Rb6 g6 46. Kh2 h5 47. Kg3 Ra5 48. Kf4 Kd7 49. g3 Rf5+ 50. Ke3 Ra5 51. Rb4 Bd5 52. Bb6 Ra3 53. Kd4 Be6 54. Bc5 Ra2 55. Kd3 Bf5+ 56. Ke3 Be6 57. Bd4 Kc6 58. c4 Kc7 59. c5 Bd5 60. Kf4 Bc6 61. Kg5 Ra4 62. Be5+ Kd7 63. Rb2 Ke6 64. Bf4 Rc4 65. Be3 Ke5 66. Rb8 Bd7 67. Rd8 Be6 68. Rd6 Rc2 69. Kh6 Kf6 70. Rd1 Rc4 71. Rd6 Rc2 72. Bd4+ Kf5 73. f3 Rc4 74. c6 Rc2 75. Kg7 g5 76. hxg5 Kxg5 77. Bb6 Kf5 78. c7 Rc3 79. Ba5 Rc5 80. Ra6 Rc4 81. Kf8 Bd5 82. Ke7 h4 83. Rf6+ Ke5 84. gxh4 Be6 85. h5 Rc5 86. h6 Bc8 87. h7 1-0

[Event "World-ch (Women)"]
[Site "Shanghai/Chongqing"]
[Date "2025.04.04"]
[Round "2"]
[White "Tan, Zhongyi"]
[Black "Ju, Wenjun"]
[Result "1-0"]
[WhiteElo "2555"]
[BlackElo "2561"]
[PlyCount "123"]
[EventDate "2025.04.03"]
[EventType "match"]
[EventRounds "12"]
[EventCountry "CHN"]
[SourceTitle "CB16_2025"]
[SourceDate "2025.04.16"]
[SourceVersion "1"]
[SourceVersionDate "2025.04.16"]
[SourceQuality "1"]

1. c4 Nf6 2. Nc3 e5 3. Nf3 Nc6 4. g3 d5 5. cxd5 Nxd5 6. Bg2 Bc5 7. 0-0 0-0 8. d3 h6 9. Nxd5 Qxd5 10. Bd2 Qd6 11. Bc3 Qe7 12. Nd2 Nd4 13. e3 Nb5 14. a4 Nxc3 15. bxc3 c6 16. a5 Bd7 17. Qb3 Rab8 18. Ne4 Bd6 19. Nxd6 Qxd6 20. d4 b6 21. axb6 axb6 22. Ra7 Be6 23. Qa4 Rfc8 24. Rb1 Bd5 25. dxe5 Qxe5 26. Qd4 Qxd4 27. exd4 Bxg2 28. Kxg2 b5 29. Re1 Ra8 30. Ree7 Rxa7 31. Rxa7 c5 32. Kf3 cxd4 33. cxd4 Kf8 34. Rb7 Rc3+ 35. Ke4 Rc2 36. Ke3 Rc3+ 37. Kd2 Rf3 38. Ke2 Rf5 39. Ke3 h5 40. f4 Ke8 41. Ke4 Rf6 42. Rxb5 g6 43. d5 Ra6 44. Ke5 f6+ 45. Kd4 Ra2 46. Kc5 Rxh2 47. Rb8+ Kd7 48. Rb7+ Kc8 49. Rg7 g5 50. f5 h4 51. gxh4 gxh4 52. Rh7 h3 53. Kd6 Kb8 54. Kd7 Kb7 55. d6 Kb6 56. Kd8 Rh1 57. d7 h2 58. Rh3 Kb7 59. Rb3+ Ka7 60. Rb2 Ka6 61. Re2 Kb7 62. Ke7 1-0

[Event "World-ch (Women)"]
[Site "Shanghai/Chongqing"]
[Date "2025.04.03"]
[Round "1"]
[White "Ju, Wenjun"]
[Black "Tan, Zhongyi"]
[Result "1/2-1/2"]
[WhiteElo "2561"]
[BlackElo "2555"]
[PlyCount "77"]
[EventDate "2025.04.03"]
[EventType "match"]
[EventRounds "12"]
[EventCountry "CHN"]
[SourceTitle "CB16_2025"]
[SourceDate "2025.04.16"]
[SourceVersion "1"]
[SourceVersionDate "2025.04.16"]
[SourceQuality "1"]

1. e4 c5 2. Nf3 e6 3. d4 cxd4 4. Nxd4 Nf6 5. Bd3 Nc6 6. Nxc6 bxc6 7. Bf4 d5 8. Nd2 g6 9. Bg5 h6 10. Bh4 Be7 11. 0-0 a5 12. Qe2 0-0 13. Rad1 Nd7 14. Bxe7 Qxe7 15. c4 Ne5 16. exd5 Nxd3 17. Qxd3 cxd5 18. Qe3 Qg5 19. Qxg5 hxg5 20. cxd5 exd5 21. Rfe1 Rb8 22. b3 g4 23. Nf1 a4 24. bxa4 Rb4 25. a5 Ra4 26. Rxd5 Be6 27. Rc5 Rxa2 28. Ne3 Ra8 29. Nd5 R8xa5 30. Rxa5 Rxa5 31. Nf4 Bf5 32. h3 gxh3 33. Nxh3 Bxh3 34. gxh3 Kg7 35. Kg2 Rg5+ 36. Kf3 Rf5+ 37. Kg2 Rg5+ 38. Kf3 Rf5+ 39. Kg2 1/2-1/2

[Event "Monaco FIDE GP (Women)"]
[Site "Monaco"]
[Date "2025.02.27"]
[Round "9"]
[White "Tan, Zhongyi"]
[Black "Harika, Dronavalli"]
[Result "1/2-1/2"]
[WhiteElo "2561"]
[BlackElo "2489"]
[PlyCount "130"]
[EventDate "2025.02.18"]
[EventType "tourn"]
[EventRounds "9"]
[EventCountry "MNC"]
[EventCategory "10"]
[SourceTitle "CB10_2025"]
[SourceDate "2025.03.05"]
[SourceVersion "1"]
[SourceVersionDate "2025.03.05"]
[SourceQuality "1"]

1. e4 c5 2. Nf3 Nc6 3. Nc3 e5 4. Bc4 g6 5. d3 Bg7 6. Bg5 Nf6 7. Nd5 h6 8. Bxf6 Bxf6 9. c3 Bg7 10. b4 d6 11. bxc5 dxc5 12. 0-0 0-0 13. Rb1 b6 14. Ne3 Rb8 15. a4 Kh8 16. Bd5 Na5 17. Nd2 Bd7 18. Ndc4 Nxc4 19. Bxc4 f5 20. Nd5 Bc6 21. Qc2 Qd6 22. Rb2 f4 23. f3 h5 24. Rfb1 Kh7 25. Bb3 Rfd8 26. c4 Rb7 27. Qc3 Rdb8 28. Bd1 Kh6 29. Kf1 Kh7 30. Qe1 Qd8 31. Ra2 Kh6 32. Qf2 Bf8 33. Kg1 Bd6 34. Kh1 Bf8 35. Rab2 Bd6 36. Qg1 Qg5 37. g3 Bxd5 38. cxd5 Qf6 39. g4 h4 40. Bb3 b5 41. axb5 Rxb5 42. Qf2 Qd8 43. Bc4 Rxb2 44. Rxb2 Rxb2 45. Qxb2 Qa5 46. Qf2 g5 47. Kg2 Qb4 48. h3 a5 49. Kf1 a4 50. Qc2 Kg7 51. Ba2 Kf8 52. Qc4 Qd2 53. Qxa4 Qxd3+ 54. Ke1 Qe3+ 55. Kd1 Qxf3+ 56. Kc2 Qe2+ 57. Kc1 Qe1+ 58. Kc2 Qe2+ 59. Kc1 Qe1+ 60. Kc2 Qb4 61. Qd7 Qxe4+ 62. Kc1 Qe1+ 63. Kc2 Qe4+ 64. Kc1 Qe1+ 65. Kc2 Qe4+ 1/2-1/2

[Event "Monaco FIDE GP (Women)"]
[Site "Monaco"]
[Date "2025.02.26"]
[Round "8"]
[White "Assaubayeva, Bibissara"]
[Black "Tan, Zhongyi"]
[Result "0-1"]
[WhiteElo "2492"]
[BlackElo "2561"]
[PlyCount "80"]
[EventDate "2025.02.18"]
[EventType "tourn"]
[EventRounds "9"]
[EventCountry "MNC"]
[EventCategory "10"]
[SourceTitle "CB10_2025"]
[SourceDate "2025.03.05"]
[SourceVersion "1"]
[SourceVersionDate "2025.03.05"]
[SourceQuality "1"]

1. e4 e5 2. Nf3 Nc6 3. Bb5 a6 4. Ba4 Nf6 5. 0-0 Be7 6. d3 b5 7. Bb3 d6 8. a3 Bg4 9. Be3 d5 10. Nbd2 h6 11. c3 0-0 12. h3 Bh5 13. Re1 Bg6 14. Bc2 Re8 15. Qb1 Bf8 16. Nf1 Na5 17. exd5 Qxd5 18. b4 Nc6 19. Ng3 Rad8 20. Ne4 Nh5 21. Bc5 Nf4 22. Bxf8 Kxf8 23. Re3 Bh5 24. Qf1 Qe6 25. Nfd2 Nd5 26. Ree1 Qc8 27. Bb3 Nf4 28. Nc5 Ne7 29. Kh2 Ned5 30. Nde4 f5 31. Bxd5 Rxd5 32. Ng3 Bf7 33. a4 Rd6 34. axb5 axb5 35. Re3 Bd5 36. f3 Rg6 37. Rae1 Nxg2 38. Rxe5 Nxe1 39. Rxd5 Kg8 40. Nxf5 Qa8 0-1

[Event "Monaco FIDE GP (Women)"]
[Site "Monaco"]
[Date "2025.02.25"]
[Round "7"]
[White "Tan, Zhongyi"]
[Black "Lagno, Kateryna"]
[Result "1/2-1/2"]
[WhiteElo "2561"]
[BlackElo "2515"]
[PlyCount "214"]
[EventDate "2025.02.18"]
[EventType "tourn"]
[EventRounds "9"]
[EventCountry "MNC"]
[EventCategory "10"]
[SourceTitle "CB10_2025"]
[SourceDate "2025.03.05"]
[SourceVersion "1"]
[SourceVersionDate "2025.03.05"]
[SourceQuality "1"]

1. d4 Nf6 2. c4 d6 3. Nf3 g6 4. g3 Bg7 5. Bg2 0-0 6. Nc3 a5 7. 0-0 Bf5 8. h3 Ne4 9. Nd5 c6 10. Ne3 Bc8 11. Qd3 Nf6 12. b3 e5 13. dxe5 dxe5 14. Bb2 e4 15. Qxd8 Rxd8 16. Rad1 Re8 17. Nd2 Nbd7 18. g4 Nxg4 19. hxg4 Bxb2 20. Nxe4 Be5 21. f4 Bg7 22. Rd3 Nf6 23. Nd6 Re7 24. Bh3 Ne4 25. Nxe4 Rxe4 26. Rd8+ Bf8 27. Rf3 Kg7 28. g5 Bc5 29. Kf2 Bg4 30. Rxa8 Bxf3 31. Rxa5 Bd4 32. exf3 Bxe3+ 33. Ke2 Re7 34. Re5 Rxe5 35. fxe5 Bd4 36. Kd3 Bxe5 37. c5 Bc7 38. Kd4 f5 39. gxf6+ Kxf6 40. Bc8 b6 41. Bd7 h5 42. Bxc6 Kf5 43. b4 Kf4 44. a4 h4 45. Bd7 Kxf3 46. b5 g5 47. Kd5 bxc5 48. Kc6 c4 49. Kxc7 c3 50. Bc6+ Kf2 51. b6 c2 52. b7 c1Q 53. b8Q Qf4+ 54. Kb7 Qxb8+ 55. Kxb8 g4 56. a5 g3 57. a6 h3 58. a7 g2 59. a8Q g1Q 60. Qa7+ Kf1 61. Qa1+ Kf2 62. Qd4+ Kf1 63. Qd3+ Kf2 64. Qd2+ Kg3 65. Qg5+ Kh2 66. Qd2+ Kg3 67. Qd6+ Kh4 68. Qh6+ Kg3 69. Qg6+ Kh2 70. Qc2+ Kg3 71. Qd3+ Kh4 72. Qh7+ Kg3 73. Kc8 Qd4 74. Qc2 Qg4+ 75. Bd7 Qd4 76. Qb3+ Kf4 77. Bxh3 Qc5+ 78. Kb7 Qe7+ 79. Kc6 Qe4+ 80. Kd7 Qd4+ 81. Kc8 Qc5+ 82. Kd8 Qf8+ 83. Kd7 Qg7+ 84. Kc6 Qd4 85. Be6 Qe4+ 86. Bd5 Qg6+ 87. Kc5 Qg1+ 88. Kd6 Qg6+ 89. Be6 Qg3 90. Qc4+ Ke3+ 91. Kc6 Qe5 92. Qc1+ Kf2 93. Bd5 Qe8+ 94. Kd6 Qf8+ 95. Ke5 Qg7+ 96. Ke4 Qg4+ 97. Kd3 Qg3+ 98. Kd4 Qg4+ 99. Kc3 Qc8+ 100. Bc4 Qh8+ 101. Kb3 Qd4 102. Qh1 Kg3 103. Qh6 Qf4 104. Qg6+ Qg4 105. Qd6+ Qf4 106. Qc5 Kh2 107. Bd5 Qe3+ 1/2-1/2

[Event "Monaco FIDE GP (Women)"]
[Site "Monaco"]
[Date "2025.02.24"]
[Round "6"]
[White "Khademalsharieh, Sarasadat"]
[Black "Tan, Zhongyi"]
[Result "0-1"]
[WhiteElo "2458"]
[BlackElo "2561"]
[PlyCount "119"]
[EventDate "2025.02.18"]
[EventType "tourn"]
[EventRounds "9"]
[EventCountry "MNC"]
[EventCategory "10"]
[SourceTitle "CB10_2025"]
[SourceDate "2025.03.05"]
[SourceVersion "1"]
[SourceVersionDate "2025.03.05"]
[SourceQuality "1"]

1. d4 d5 2. c4 e6 3. Nc3 Bb4 4. e3 Nf6 5. Bd2 0-0 6. Nf3 b6 7. cxd5 exd5 8. Rc1 Be7 9. Bd3 c5 10. 0-0 Nc6 11. Ne5 Bb7 12. f4 cxd4 13. Nxc6 Bxc6 14. exd4 Qd7 15. Qc2 Ne4 16. Be3 Rac8 17. Bxe4 dxe4 18. Qb3 Rfe8 19. Rfd1 Bd6 20. a4 Qf5 21. Rf1 Bd7 22. d5 h5 23. Ne2 Rxc1 24. Rxc1 Qg6 25. Kh1 Bg4 26. Qb5 Re7 27. Nd4 Qf6 28. Nc6 Rc7 29. Ne5 Rxc1+ 30. Bxc1 Qh4 31. Qf1 Bc5 32. Nc4 Bc8 33. Be3 Ba6 34. Bxc5 bxc5 35. b3 e3 36. g3 Qd8 37. Qf3 e2 38. Qxe2 Qxd5+ 39. Kg1 Bb7 40. Kf2 Qh1 41. Ke3 Qb1 42. Qb2 Qe4+ 43. Kd2 Qg2+ 44. Kc3 Qf3+ 45. Kd2 Be4 46. Qc3 Qg2+ 47. Kc1 Qxh2 48. Nd2 Qg1+ 49. Kb2 Bf5 50. Nc4 Be6 51. Nd6 Qg2+ 52. Ka3 Qc6 53. Nc4 Qd5 54. Ne5 f6 55. Nc4 Kh7 56. Qe1 Qd4 57. Nd2 Qc3 58. Qd1 Kh6 59. Ka2 Qxg3 60. Ne4 0-1

[Event "Monaco FIDE GP (Women)"]
[Site "Monaco"]
[Date "2025.02.22"]
[Round "5"]
[White "Tan, Zhongyi"]
[Black "Koneru, Humpy"]
[Result "1/2-1/2"]
[WhiteElo "2561"]
[BlackElo "2523"]
[PlyCount "137"]
[EventDate "2025.02.18"]
[EventType "tourn"]
[EventRounds "9"]
[EventCountry "MNC"]
[EventCategory "10"]
[SourceTitle "CB10_2025"]
[SourceDate "2025.03.05"]
[SourceVersion "1"]
[SourceVersionDate "2025.03.05"]
[SourceQuality "1"]

1. c4 e6 2. Nf3 d5 3. g3 Nf6 4. Bg2 Be7 5. 0-0 0-0 6. b3 d4 7. e3 c5 8. Ne5 Qc7 9. f4 Nfd7 10. exd4 cxd4 11. Nd3 Nc6 12. Ba3 Nb6 13. Qe2 Rd8 14. Rc1 a5 15. Bb2 Nd7 16. Na3 Nc5 17. Nb5 Qb6 18. Nxc5 Bxc5 19. d3 Bd7 20. a4 Ne7 21. g4 Bc6 22. Rf1 Re8 23. Qf2 Rad8 24. Rae1 Ng6 25. f5 exf5 26. gxf5 Ne5 27. f6 Ng4 28. Rxe8+ Bxe8 29. Qg3 Nxf6 30. Bc1 Be7 31. Qe5 Kf8 32. Bf4 Bc6 33. Re1 Qc5 34. Qxc5 Bxc5 35. Bc7 Ra8 36. Re5 Bb4 37. Rf5 Nd7 38. Nd6 Bxg2 39. Kxg2 Nc5 40. Rxf7+ Kg8 41. Rf3 Nxb3 42. Nxb7 Ra7 43. Bd6 Bxd6 44. Nxd6 Nc5 45. Nb5 Rd7 46. Rf4 Nxd3 47. Rxd4 Rxd4 48. Nxd4 Nb2 49. c5 Nxa4 50. Nb3 Kf7 51. Kf3 Ke6 52. Ke4 Nc3+ 53. Kd3 Nb5 54. Nxa5 Kd5 55. c6 Kc5 56. Ke4 Kb6 57. Nc4+ Kxc6 58. Ke5 Kd7 59. h4 Ke7 60. h5 Kf7 61. Nd2 Na7 62. Ne4 Nc6+ 63. Kd6 Nd4 64. Ke5 Nc6+ 65. Kd6 Nb4 66. Ke5 Nd3+ 67. Kf5 Ke7 68. Ng5 g6+ 69. hxg6 1/2-1/2

[Event "Monaco FIDE GP (Women)"]
[Site "Monaco"]
[Date "2025.02.21"]
[Round "4"]
[White "Goryachkina, Aleksandra"]
[Black "Tan, Zhongyi"]
[Result "1/2-1/2"]
[WhiteElo "2546"]
[BlackElo "2561"]
[PlyCount "185"]
[EventDate "2025.02.18"]
[EventType "tourn"]
[EventRounds "9"]
[EventCountry "MNC"]
[EventCategory "10"]
[SourceTitle "CB10_2025"]
[SourceDate "2025.03.05"]
[SourceVersion "1"]
[SourceVersionDate "2025.03.05"]
[SourceQuality "1"]

1. e4 e5 2. Nf3 Nf6 3. Nxe5 d6 4. Nf3 Nxe4 5. d4 d5 6. Bd3 Bf5 7. 0-0 Be7 8. Re1 0-0 9. Nbd2 Nd6 10. Nf1 Bxd3 11. Qxd3 c6 12. Bf4 Na6 13. Re2 Nc7 14. Ne3 Ne6 15. Bxd6 Bxd6 16. g3 Re8 17. h4 Qf6 18. Kg2 Qg6 19. Qxg6 hxg6 20. a4 f6 21. c3 Kf7 22. b4 Nc7 23. Rb2 a6 24. Ne1 Red8 25. Nd3 Bf8 26. Nc5 Ra7 27. Nb3 Rda8 28. f3 Ne8 29. Re1 Nd6 30. Kf2 Re8 31. Rbe2 Re7 32. Ng2 Nc4 33. Ne3 Nd6 34. Nd1 Nc4 35. Nb2 Nxb2 36. Rxb2 Rxe1 37. Kxe1 b6 38. a5 b5 39. Kf2 Bd6 40. Nc1 Ra8 41. Nd3 Rh8 42. Kg2 Re8 43. Rd2 Re7 44. Kf2 Re8 45. Rd1 Rh8 46. Rg1 Rh5 47. f4 Rh8 48. Kf3 Rh7 49. Kg4 Rh8 50. Re1 Rh7 51. Re3 Rh5 52. Kf3 Rh8 53. Re1 Rh7 54. Rh1 Rh8 55. Nf2 Rh7 56. Re1 Rh8 57. Ng4 Rh7 58. Ne3 Rh8 59. Re2 Rh5 60. Kg4 Rh8 61. Re1 Re8 62. Kf3 Rh8 63. Rf1 Rh5 64. Rh1 Rh8 65. g4 Re8 66. h5 gxh5 67. gxh5 Re4 68. Rh4 Bf8 69. Rg4 Re8 70. Rg1 Re4 71. Nf5 Re8 72. Kf2 Re4 73. Rg4 Re8 74. Ng3 Bd6 75. Nf5 Bf8 76. Ne3 Bd6 77. Kf3 Re4 78. f5 Re8 79. Ng2 Rh8 80. Rh4 Bc7 81. Rh1 Bd6 82. Ne3 Re8 83. Rh4 Bg3 84. Rh1 Bd6 85. Ng2 Re4 86. Rh3 Kg8 87. Rh4 Rxh4 88. Nxh4 Kh7 89. Kg4 Kh6 90. Nf3 Kh7 91. Ne1 Kh6 92. Nd3 Kh7 93. Ne1 1/2-1/2

[Event "Monaco FIDE GP (Women)"]
[Site "Monaco"]
[Date "2025.02.20"]
[Round "3"]
[White "Kosteniuk, Alexandra"]
[Black "Tan, Zhongyi"]
[Result "1-0"]
[WhiteElo "2484"]
[BlackElo "2561"]
[PlyCount "129"]
[EventDate "2025.02.18"]
[EventType "tourn"]
[EventRounds "9"]
[EventCountry "MNC"]
[EventCategory "10"]
[SourceTitle "CB10_2025"]
[SourceDate "2025.03.05"]
[SourceVersion "1"]
[SourceVersionDate "2025.03.05"]
[SourceQuality "1"]

1. d4 Nf6 2. c4 g6 3. Nc3 d5 4. Nf3 Bg7 5. h4 dxc4 6. e4 c5 7. d5 Bg4 8. Qa4+ Bd7 9. Qxc4 0-0 10. Qxc5 e6 11. dxe6 Bxe6 12. Ng5 Nc6 13. Bf4 Ng4 14. e5 Ncxe5 15. Rd1 Qe8 16. Nxe6 fxe6 17. Bg3 Rc8 18. Qb5 Qe7 19. Be2 Rf5 20. Qa4 b5 21. Nxb5 Qc5 22. 0-0 Ne3 23. b4 Qb6 24. Nd6 Nxf1 25. Nxc8 Nxg3 26. Nxb6 Nxe2+ 27. Kf1 Ng3+ 28. Kg1 Ne2+ 29. Kf1 Ng3+ 30. Ke1 Nf3+ 31. gxf3 Bc3+ 32. Rd2 axb6 33. Qe8+ Kg7 34. Qe7+ Rf7 35. Qxe6 Nf5 36. Kd1 Bxd2 37. Kxd2 Rf6 38. Qe4 Rd6+ 39. Kc1 Kf6 40. a4 Rd4 41. Qc6+ Rd6 42. Qc7 Ke6 43. Qxh7 Ne7 44. h5 gxh5 45. Qxh5 Nd5 46. Qg4+ Ke7 47. Qe4+ Kd7 48. f4 Kc7 49. Kb2 Nf6 50. Qe7+ Nd7 51. Kc3 Rf6 52. Qe4 Rd6 53. Kc4 Rc6+ 54. Kb5 Rd6 55. a5 bxa5 56. bxa5 Rf6 57. Qc4+ Kb8 58. a6 Rb6+ 59. Ka5 Rb1 60. Qd4 Kc7 61. a7 Nb6 62. Qxb6+ Rxb6 63. a8N+ Kd6 64. Nxb6 Ke6 65. Kb5 1-0